000 00356 a2200157 4500
005 20250628140824.0
020 _a0-393-97767-6
082 _a150 GLE
100 _aGLEITMAN, H.
245 _aPsychology
250 _a6th Ed.
260 _aNew York,
_bW.W. Norton
_c2004
300 _axxv,712p.; ill.; picture
700 _aFRIDLUND, A.
942 _2ddc
_cBKS
999 _c6048
_d6048